000 pam a22 a 4500
999 _c4780
_d4780
003 AKMAL
005 20181122083517.0
008 181121s2018 my ao g 000 0 may d
020 _a9789670976822
_qpaperback
_cRM20.00
082 0 4 _a306.872 PAK
_223
090 0 0 _a306.872
_bPAK
100 0 _aPak Utih,
_d1954-
_eauthor.
_99123
245 1 0 _aMENANTU HIPSTER /
_cPAK UTIH ; Editor Rosmawati Saidin
264 1 _aPetaling Jaya, Selangor :
_bGaleri Ilmu Sdn. Bhd.,
_c2018
300 _axviii, 116 pages :
_bcolour illustrations, colour photographs ;
_c22 cm
650 1 0 _aHusband and wife
_xConduct of life
_92488
650 2 0 _aMarried people
_99124
650 2 0 _aMothers-in-law and daughters-in-law
_99125
700 0 _aRosmawati Saidin,
_eeditor.
_99126
942 _2ddc
_cBOOK